Экономика и организация производства: учебное пособие

Detalhes bibliográficos
Autor principal: Дубровин И. А.
Outros Autores: Есина А. Р., Стуканова И. П.
Resumo:Исключено из фонда НТБ ТПУ
Idioma:russo
Publicado em: Москва, Дашков и К, 2007
Edição:2-е изд., доп. и перераб.
Formato: MixedMaterials Livro
KOHA link:https://koha.lib.tpu.ru/cgi-bin/koha/opac-detail.pl?biblionumber=120480

MARC

LEADER 00000nam0a2200000 4500
001 120480
005 20231031125029.0
010 |a 5911310589 
035 |a (RuTPU)RU\TPU\book\130459 
090 |a 120480 
100 |a 20070829d2007 m y0rusy50 ca 
101 0 |a rus 
102 |a RU 
105 |a a j 001zy 
200 1 |a Экономика и организация производства  |e учебное пособие  |f И. А. Дубровин, А. Р. Есина, И. П. Стуканова 
205 |a 2-е изд., доп. и перераб. 
210 |a Москва  |c Дашков и К  |d 2007 
215 |a 202 с.  |c ил. 
320 |a Библиогр.: с. 200-201. 
333 |a Исключено из фонда НТБ ТПУ 
686 |a У9(2)29я73  |v LBC/SL-A  |2 rubbk 
700 1 |a Дубровин  |b И. А. 
701 1 |a Есина  |b А. Р. 
701 1 |a Стуканова  |b И. П. 
801 1 |a RU  |b 63413507  |c 20070829  |g PSBO 
801 2 |a RU  |b 63413507  |c 20211018  |g PSBO 
942 |c BK 
959 |a 51/20070829  |d 2  |e 99,00  |f АНЛ:1  |f ЧЗГЛ:1